000 00996nam a22002777a 4500
003 dpl
005 20180720121707.0
008 180720b xxu||||| |||| 00| 0 eng d
010 _aA-579617
020 _c45.00
035 _aA-579617, A-579621
037 _bCen Lib/Ret
040 _aDPL
_bHN
_c0
082 _a
_bविनय
100 _aविनय
_941420
245 _aमहारानी कैकेयी /
_cविनय
246 _aMaharani kaikeyi /
_bby Vinya
260 _a दिल्ली
_bसाहित्य मंदिर
_c1991
270 _b दिल्ली
_a2619-20 न्यू मार्किट, नयी सड़क
_e110006
300 _a135पृ.
_c16सेमी (सजिल्द)
650 _aहिंदी साहित्य
_965242
650 _aहिंदी उपन्यास
_965243
650 _aHindi literature
_965244
650 _aHindi fiction
_927248
942 _2ddc
_cHN
_h
_mविनय
999 _c116185
_d116185